000
00305nam a2200121Ia 4500
008
190216s9999||||xx |||||||||||||| ||und||
100
_a
Abdul Khadar M S
245
0
_a
Vishudha Nabiyude Swabhava Mahadhmyam
260
_b
Amina Book Stall
_c
1987
300
_a
304
650
_a
Islamic History
942
_c
BK
999
_c
22285
_d
22285